| 000 | 00971cam a2200265 i 4500 | ||
|---|---|---|---|
| 001 | bg | ||
| 003 | BPK | ||
| 005 | 20200424135039.0 | ||
| 008 | 971113s1988 pl a f f |000 0 pol | ||
| 015 | _aPB 1988/6369 | ||
| 040 |
_aWA N _cBPK |
||
| 080 | _a621.317 | ||
| 080 | _a(075.8+076) | ||
| 245 | 0 | 0 |
_aLaboratorium podstaw miernictwa : _bpraca zbiorowa / _cpod red. Henryka Gierasimowicza ; [oprac. H. Gierasimowicz et al.]. |
| 250 | _a[Wyd. 2]. | ||
| 260 |
_aWarszawa : _bWydawnictwa Politechniki Warszawskiej, _c1988. |
||
| 300 |
_a169 s. : _brys., wykr. err. ; _c24 cm. |
||
| 504 | _aBibliogr. s. 168-169. | ||
| 650 | 4 |
_aElektrotechnika _xpomiary. |
|
| 655 | 4 | _aĆwiczenia i zadania dla szkół wyższych | |
| 700 | 1 |
_aGierasimowicz, Henryk. _eRed. |
|
| 710 | 2 |
_aWydawnictwa Politechniki Warszawskiej _4pbl. |
|
| 856 |
_uhttp://koha.tu.koszalin.pl/cgi-bin/koha/opac-detail.pl?biblionumber=3756 _yKatalog online BPK |
||
| 942 |
_2UKD _cKS |
||
| 999 |
_c3756 _d3756 |
||